| 000 | 00402nam a22001697a 4500 | ||
|---|---|---|---|
| 005 | 20160701105006.0 | ||
| 008 | 160701b xxu||||| |||| 00| 0 eng d | ||
| 020 | _a8185749-58-2 | ||
| 041 | _aeng | ||
| 082 | _b20224 | ||
| 100 |
_aSingh Tarlok _93165 |
||
| 245 | _aElectrical Machines | ||
| 260 |
_bS.K. Kataria & Sons _c2003 |
||
| 300 | _a361 | ||
| 650 |
_aInformation Technology _9137 |
||
| 942 | _cBK | ||
| 999 |
_c5011 _d5009 |
||